B2NET: BLOOD BANK NETWORK (Record no. 173244)

000 -LEADER
fixed length control field 00472nam a2200157 4500
082 ## - DEWEY DECIMAL CLASSIFICATION NUMBER
Classification number BIT-12 BAL
100 ## - MAIN ENTRY--PERSONAL NAME
Personal name HAREEN BALOCH
245 ## - TITLE STATEMENT
Title B2NET: BLOOD BANK NETWORK
260 ## - PUBLICATION, DISTRIBUTION, ETC.
Place of publication, distribution, etc. ISLAMABAD
Name of publisher, distributor, etc. NUST-SEECS
Date of publication, distribution, etc. 2014
300 ## - PHYSICAL DESCRIPTION
Extent Pv.
563 ## - BINDING INFORMATION
Binding note HBK.
856 ## - Uniform Resource Identifier
Uniform Resource Identifier <a href="http://10.250.8.41:8080/xmlui/handle/123456789/28604">http://10.250.8.41:8080/xmlui/handle/123456789/28604</a>
942 ## - ADDED ENTRY ELEMENTS (KOHA)
Source of classification or shelving scheme
Koha item type Project Report
Holdings
Withdrawn status Lost status Source of classification or shelving scheme Damaged status Not for loan Permanent Location Current Location Shelving location Date acquired Source of acquisition Full call number Barcode Date last seen Price effective from Koha item type
WITHDRAWN         Central Library (CL) Central Library (CL) Thesis 01/20/2017 NUST-SEECS BIT-12 BAL SEECSP01907 01/20/2017 01/20/2017 Thesis
© 2023 Central Library, National University of Sciences and Technology. All Rights Reserved.